=LDR 00000nam 2200000 4500 =001 INLIS000000000009420 =005 20130612101220 =008 ***********************************Ind** =035 ##$$0010-061300000009420 =041 ##$$a Ind =090 ##$$a 238, Min m =245 ##$$a Menggalakkan Karya Katekese Di Indonesia =260 ##$$a 1997 $b Jokjakarta =300 ##$$a 104 hlm, 21 cm =650 ##$$a Katekismus =850 ##$$a NBPNMAT